Verše Rudolfa Dobiáša

Bibliographic Details
Main Author: Dobiáš, Rudolf, 1934- (Author)
Other Authors: Cesnak, Jozef, 1936-2021 (Illustrator)
Format: Article
Language:Slovak
Subjects:

MARC

LEADER 00000nab a2200000 a 4500
001 vtls000213917
003 SK-MaSNL
005 20260303222608.0
008 240424c1985 xo 0 slo
015 |a SNBRB19rr/mm-uuuuu 
035 |a CL0224031 
040 |a SNKBUCL  |b slo  |c SNKBUCL  |e AACR2 
041 0 |a slo 
044 |a xo  |c SK 
080 |a 885.4-1(087.5)  |2 1981 
100 1 |a Dobiáš, Rudolf,  |d 1934-  |4 aut  |9 218831 
245 1 0 |a Verše Rudolfa Dobiáša  |c Rudolf Dobiáš 
500 |a Názvy básní: Rozprávka, Rodný kraj, Láska. 
655 7 |a slovenská poézia  |2 snkbucl  |9 70444 
655 7 |a lyrická poézia  |2 snkbucl  |9 70613 
655 7 |a články z novín a časopisov  |2 snkbucl  |9 267496 
655 7 |a články z odboru literárna veda a krásna literatúra  |2 snkbucl  |9 770045 
700 1 |a Cesnak, Jozef,  |d 1936-2021  |4 ill  |9 218934 
773 0 |t Ohník  |g Roč. 37, č. 17 (1985), s. /5/ 
850 |a Slovenská národná knižnica 
852 |a Slovenská národná knižnica 
958 |a RK 
958 |a LX 
992 |a RBX 
999 |c 2242012  |d 2243942